000 00900cab a2200313 4500
001 ABS68707
008 050228n2005 000 0 eng u
035 _a(Sirsi) u128912
245 _aRegional: Surrey and London boroughs south
260 _c2005
490 _aProperty Week
_v70(7) 18 February 2005, 99-113(7)
590 _aABS
650 _aSURREY
650 _aLONDON BOROUGHS SOUTH
650 _aPROPERTY-COMMERCIAL PROPERTY-RETAIL PROPERTY-RETAIL PROPERTY MARKET
650 _aSHOPPING CENTRES
650 _aPROPERTY-COMMERCIAL PROPERTY-OFFICE PROPERTY-OFFICE PROPERTY MARKET
650 _aCROYDON
650 _aWOKING
650 _aGUILDFORD
650 _aEPSOM
650 _aCHERTSEY
650 _aREIGATE
650 _aWEYBRIDGE
650 _aREDHILL
650 _aLEATHERHEAD
690 _aPROPERTY-COMMERCIAL PROPERTY-COMMERCIAL PROPERTY MARKET
942 _n0
999 _c74859
_d74859